00459 2200181 4500001002100000005001500021035002000036007000300056008004100059020001800100082000800118084001400126100002400140245001900164260003800183300004400221650001200265INLIS00000000000006820231002094457 a0010-1023000004ta231002 g 0 ind  a979-489-273-4 a635 a635 HER s0 aHeri Purwanto Imdad1 aSayuran Jepang aJakarta :bPenebar Swadaya,c1995 avii, 220 hlm, :bilus, ;c14 cm x 21 cm 4aSayuran